| 000 | 00613cam a2200229 a 4500 | ||
|---|---|---|---|
| 001 | 3279027 | ||
| 005 | 20180127052237.0 | ||
| 008 | 821012s1983 mdua b 001 0 eng | ||
| 010 | _a 82020186 | ||
| 020 | _a0683045989 | ||
| 040 |
_aDLC _cDLC _dDLC |
||
| 041 | _aeng | ||
| 060 | _aWG 580 A597 1981 | ||
| 080 | _a617.413 | ||
| 082 | 0 | 0 |
_a617.413 KER _219 |
| 100 | _a5 | ||
| 101 | _aSHK | ||
| 245 | 0 | 0 |
_aAneurysms / _ceditors, Morris D. Kerstein, Peter V. Moulder, Watts R. Webb. |
| 504 | _aIncludes bibliographies and index. | ||
| 906 |
_a7 _bcbc _corignew _d1 _eocip _f19 _gy-gencatlg |
||
| 942 |
_2ddc _cBK |
||
| 999 |
_c41084 _d41084 |
||